[Event "HUN-chT2 Toth 1314"]
[Site "Hungary"]
[Date "2014.02.02"]
[Round "6.12"]
[White "Beretka, Csaba"]
[Black "Bodo, Imre"]
[Result "0-1"]
[WhiteElo "1746"]
[BlackElo "1582"]
[PlyCount "49"]
[EventDate "2013.09.08"]
[EventType "team-tourn"]
[EventRounds "11"]
[EventCountry "HUN"]
[SourceTitle "EXT 2016"]
[Source "ChessBase"]
[SourceDate "2015.10.08"]
[SourceVersion "1"]
[SourceVersionDate "2015.10.08"]
[SourceQuality "1"]
[WhiteTeam "Roszke"]
[BlackTeam "Szeged Maroczy II"]
[WhiteTeamCountry "HUN"]
[BlackTeamCountry "HUN"]

1. d4 Nf6 2. c4 c5 3. d5 e6 4. Nc3 exd5 5. cxd5 d6 6. e4 g6 7. Bd3 Bg7 8. h3 0-0 9. Nge2 Re8 10. Bg5 Na6 11. a3 Nc7 12. Qd2 a6 13. h4 h5 14. 0-0 Kh7 15. Ng3 Qd7 16. Rad1 b5 17. f4 Ng4 18. f5 Bh6 19. Bxh6 Nxh6 20. fxg6+ fxg6 21. Nxh5 Ng8 22. Nf6+ Nxf6 23. Rxf6 Qg7 24. Rdf1 Re7 25. h5 0-1